LEADER 01319nam0 2200301 i 450 001 VAN00014487 005 20240806100259.771 010 $a88-86928-51-3 100 $a20031204d2001 |0itac50 ba 101 $aita 102 $aIT 105 $a|||| ||||| 200 1 $aGuerra senza limiti: l'arte della guerra asimettrica fra terrorismo e globalizzazione$fQiao Liang, Wang Xiangsui$ga cura del Generale Ganio Mini 210 $aGorizia$cLibreria Editrice Goriziana$dc2001 215 $a195 p.; 22 cm 410 1$1001VAN00029633$12001 $aLeguerre$estoria di uomini, armi, atti di forza$1210 $aGorizia$cLeg.$v10 606 $aTerrorismo$3VANC005040$2FI 620 $dGorizia$3VANL001316 700 1$aLiang$bQiao$3VANV010556$0729630 701 1$aXiangsui$bWang$3VANV010557$0729629 702 1$aMini$bFabio$3VANV010558 801 $aIT$bSOL$c20240906$gRICA 899 $aBIBLIOTECA DEL DIPARTIMENTO DI GIURISPRUDENZA$1IT-CE0105$2VAN00 912 $aVAN00014487 950 $aBIBLIOTECA DEL DIPARTIMENTO DI GIURISPRUDENZA$d00CONS VIII.Eo.387 $e00 23951 20031204 966 $aAttualitą e storia$yTerrorismo$3VANC007623 996 $aGuerra senza limiti: l'arte della guerra asimettrica fra terrorismo e globalizzazione$91429311 997 $aUNICAMPANIA